Un évènement, une ville - Statistiques

Statistiques générales
  • Ce quiz a été pris 93 fois
  • Le résultat moyen est 9 sur 15
Statistiques - réponses
Année Événement Ville % Correct
1815 Napoléon Ier perd la bataille qui lui vaudra l'exil Waterloo
93%
1453 Les ottomans s'emparent de cette ville Constantinople
89%
1945 Première des deux villes japonaises bombardées Hiroshima
86%
1914 François Ferdinand d'Autriche est assassiné Sarajevo
82%
1962 Les accords décrétant la fin de la guerre d'Algérie sont signés dans cette ville Évian-les-Bains
67%
1431 Ville ou Jeanne d'arc est brûlée Rouen
64%
410 Les Wisigoths pillent et prennent cette ville Rome
62%
1942 Les Alliés gagnent cette bataille, ce qui marquera un tournant Stalingrad
56%
1773 Lieu de la tea party Boston
54%
-209 Les romains prennent leur ville jusqu'à présent rivale Carthage
54%
1492 Les rois catholiques ont reconquis la dernière ville ibérique musulmane Grenade
53%
843 Ce traité divise l'empire carolingien en trois parties Verdun
40%
1415 Bataille majeure de la guerre de 100 ans, victoire des anglais Azincourt
36%
1088 L'université de cette ville est considéré comme la première d'Europe Bologne
35%
1648 Les traités de Westphalie signés dans cette villemettent fin au Saint-Empire Münster
7%
Aucun quiz correspondant
Distribution des résultats
% des personnes avec chaque résultat
Percentile par nombre de réponses
Votre historique - résultats
Vous n’avez pas pris ce quiz